Normal view
MARC view
Entry Topical Term
001 - CONTROL NUMBER
- control field: 30089
003 - CONTROL NUMBER IDENTIFIER
- control field: dpl
005 - DATE AND TIME OF LATEST TRANSACTION
- control field: 20110726112053.0
008 - FIXED-LENGTH DATA ELEMENTS
- fixed length control field: 110726|||a|||||| | ||| d
040 ## - CATALOGING SOURCE
- Original cataloging agency: dpl
- Transcribing agency: dpl
150 ## - HEADING--TOPICAL TERM
- Topical term or geographic name as entry element: India Bombay
670 ## - SOURCE DATA FOUND
- Source citation: Work cat.: (dpl)39147: Kamte, Vinita 30088, To the last bullet the inspiring story of braveheart Ashok Kamte :, 2009
670 ## - SOURCE DATA FOUND
- Source citation: Work cat.: (dpl)39147: Kamte, Vinita 30088, To the last bullet the inspiring story of braveheart Ashok Kamte :, 2009
